Словарь имен

Bibliographische Detailangaben
Zusammenfassung:Исключено из фонда НТБ ТПУ
Sprache:Russisch
Veröffentlicht: Москва, Арнадия, 1998
Schriftenreihe:Для дома, для семьи
Познай себя
Format: MixedMaterials Buch
KOHA link:https://koha.lib.tpu.ru/cgi-bin/koha/opac-detail.pl?biblionumber=6120

MARC

LEADER 00000nam0a2200000 4500
001 6120
005 20231030175929.0
010 |a 5886660399 
035 |a (RuTPU)RU\TPU\book\6150 
035 |a BOOK00006205 
090 |a 6120 
100 |a 20011209d1998 km y0rusy50 ca 
101 0 |a rus 
102 |a RU 
105 |a y e 000zy 
200 1 |a Словарь имен 
210 |a Москва  |c Арнадия  |d 1998 
215 |a 544 с. 
225 1 |a Для дома, для семьи 
225 1 |a Познай себя 
333 |a Исключено из фонда НТБ ТПУ 
675 |a 087  |v 3 
801 0 |a RU  |b 63413507  |c 20011209  |g PSBO 
801 2 |a RU  |b 63413507  |c 20210526  |g PSBO 
942 |c BK